000 00557nam a2200169 a 4500
001 000036931
005 20200930080029.0
008 120206s1969 sp 000 0 spa d
040 _aDO-SdBNP
_bspa
_cBNPHU
082 _axxxx
_bF363p
100 1 _aFernández de la Mora, Gonzalo
_963329
245 1 0 _aPensamiento español, 1968 de amor ruibal a zarageta. /
_cGonzalo Fernandez de la Mora.
260 _aMadrid :
_bEdiciones Rialp,
_c1969.
300 _a447 p. ;
_c20 cm.
490 1 _aPensamiento español, 1968
830 0 _aPensamiento español, 1968
_963330
999 _c36421
_d36421